000 00373nam a2200145Ia 4500
008 230711s9999||||xx |||||||||||||| ||und||
041 _aENG
082 _a621
_bRA-R
100 _aRadmanesh,Matthew M.
245 0 _aRadio frequency and microwave electronics
250 _a1st . Ed.
260 _c2002
_aNew Delhi
_bPearson
650 _aElectronics Engineering
942 _cBK
999 _c4324
_d4324